|
|
|
|
| LEADER |
01243nam a2200313 a 4500 |
| 001 |
012270470 |
| 008 |
110330s2004 enk b 001 0 eng d |
| 010 |
|
|
|a 2003051818
|
| 020 |
|
|
|a 0631220070 (cased)
|
| 020 |
|
|
|a 0631220089 (pbk.)
|
| 040 |
|
|
|a StDuBDS
|d Uk
|d BD-DhAAL
|
| 082 |
0 |
4 |
|a 822.33
|2 22
|
| 245 |
0 |
0 |
|a Shakespeare's histories /
|c edited by Emma Smith.
|
| 260 |
|
|
|a Malden, Mass. ;
|a Oxford :
|b Blackwell,
|c c2004.
|
| 300 |
|
|
|a ix, 294 p. ;
|c 23 cm.
|
| 490 |
1 |
|
|a Blackwell guides to criticism
|
| 500 |
|
|
|a Formerly CIP.
|5 Uk
|
| 504 |
|
|
|a Includes bibliographical references and index.
|
| 541 |
1 |
|
|e 00014495
|
| 600 |
1 |
0 |
|a Shakespeare, William,
|d 1564-1616
|x Histories.
|
| 650 |
0 |
|
|a Historical drama, English
|x History and criticism.
|
| 650 |
0 |
|
|a Literature and history
|z Great Britain.
|
| 650 |
0 |
|
|a Kings and rulers in literature.
|
| 650 |
0 |
|
|a Middle Ages in literature.
|
| 651 |
0 |
|
|a Great Britain
|x History
|y 1066-1687
|x Historiography.
|
| 700 |
1 |
|
|a Smith, Emma
|q (Emma Josephine)
|
| 852 |
4 |
|
|a Ayesha Abed library
|j General Shelf
|
| 999 |
|
|
|c 10603
|d 10603
|
| 952 |
|
|
|0 0
|1 0
|2 ddc
|4 0
|6 822_330000000000000_SHA
|7 0
|9 15939
|a BRACUL
|b BRACUL
|c GEN
|d 2011-03-30
|l 5
|m 23
|o 822.33 SHA
|p 3010014495
|r 2024-01-29
|s 2024-01-21
|t 1
|w 2011-03-30
|y BK
|